00354nam a2200133Ia 4500003000400000008004100004020002700045040000800072100002100080245006300101260003000164300001400194365001200208LDD181029s9999 xx 000 0 und d a9780826490971cP 14.99 cLDD aFox, Nik Farrell 0aNew sartrebexplorations in postmodernismcNik Farrell Fox aNew YorkbContinuumc2006 aix, 195p. bP 14.99